Elements of Paleobotany (Record no. 214608)

MARC details
000 -LEADER
fixed length control field 00437nam a2200193Ia 4500
008 - FIXED-LENGTH DATA ELEMENTS--GENERAL INFORMATION
fixed length control field 240823s9999||||xx |||||||||||||| ||und||
020 ## - INTERNATIONAL STANDARD BOOK NUMBER
International Standard Book Number 81-225-0246-6
082 ## - DEWEY DECIMAL CLASSIFICATION NUMBER
-- 561 P3
100 ## - MAIN ENTRY--PERSONAL NAME
Personal name Siddiqui K A
245 #0 - TITLE STATEMENT
Title Elements of Paleobotany
250 ## - EDITION STATEMENT
Edition statement 2nd
260 ## - PUBLICATION, DISTRIBUTION, ETC. (IMPRINT)
Date of publication, distribution, etc 2003
Name of publisher, distributor, etc "Kitab Mahal,Ala"
500 ## - GENERAL NOTE
General note YES
650 ## - SUBJECT ADDED ENTRY--TOPICAL TERM
Topical term or geographic name as entry element General
942 ## - ADDED ENTRY ELEMENTS (KOHA)
Item type Books
Holdings
Withdrawn status Lost status Damaged status Permanent location Current location Date acquired Source of acquisition Cost, normal purchase price Full call number Barcode Date last seen Koha item type
      CENTRAL LIBRARY, NOORUL ISLAM CENTRE FOR HIGHER EDUCATION CENTRAL LIBRARY, NOORUL ISLAM CENTRE FOR HIGHER EDUCATION 06/12/2014 Higginbothams Private Ltd 80.00 561 P3 64408 08/23/2024 Books
Visitors:
Copyright © 2024 Central Library NICHE.  All rights reserved.